000 00420nam a22001697a 4500
003 SGT
020 _a9789393159120
082 _a615.85
_bP22M
100 _aMUDAMBI, SUMATI. R.
245 _aFUNDAMENTALS OF FOOD, NUTRITION AND DIET THEROPY
250 _a7TH
260 _aNEW DELHI
_bNEW. AGE. INTER NATIONAL
_c2022
300 _a410
650 _aNUTRITION
653 _a FOOD, NUTRITION. DIET
942 _2ddc
_cBK
999 _c22877
_d22877